000 00584nam a22001817a 4500
008 160924b xxu||||| |||| 00| 0 eng d
020 _a0123821676
040 _aKABU
_cKABU
050 _aR850
_b.G35 2012
245 _aPrinciples and practice of clinical research/
_cedited by John I Gallin, Frederick P. Ognibene
250 _a3rd ed.
260 _aAmsterdam
_bElsevier
_c2012
300 _axv, 780 p.
650 _aClinical medicine
_xResearch
700 _aGallin, John I.
700 _aOgnibene, Frederick P.
942 _2lcc
_cBK
_hR850 .G35 2012 c. 1
999 _c16094
_d16094